000 00824nam a22002651 4500
001 26145
003 BD-RjUL
005 20211209050957.0
008 140320s1955 nyub b 001 0 eng d
035 _a(BD-RjUL)26215
035 _a(OCoLC)1443139
040 _aDLC
_cFJ
_dOCoLC
_dDLC
_dBD-RjUL
_beng
041 _aeng
082 0 0 _a327.47
_bHUS 1955
100 1 _aHuszar, George B. de
_q(George Bernard),
_d1919-1968.
_980357
245 1 0 _aSoviet power and policy /
_cby George B. de Huszar and associates.
260 _aNew York :
_bCrowell,
_c1955.
300 _ax, 598 p. :
_bmaps.;
_c24 cm.
504 _aIncludes bibliographical references and index.
651 0 _aSoviet Union.
_980358
651 0 _aSoviet Union
_xForeign relations
_y1945-
_980359
942 _2ddc
_cBK
999 _c26145
_d26145